Manuel pour les aspirants au grade de candidat en droit / (Record no. 156892)

MARC details
000 -LEADER
campo de control de longitud fija 00616nam a22001695i 4500
001 - NÚMERO DE CONTROL
campo de control 156892
003 - IDENTIFICADOR DE NÚMERO DE CONTROL
campo de control ES-MaACL
005 - FECHA Y HORA DE LA ÚLTIMA TRANSACCIÓN
campo de control 20230906210526.0
008 - DATOS DE LONGITUD FIJA--INFORMACIÓN GENERAL
campo de control de longitud fija 040804s1835 fr |||| | fre d
040 ## - FUENTE DE CATALOGACIÓN
Centro catalogador/agencia de origen CAM
Lengua de catalogación spa
Centro/agencia transcriptor CAM
100 1# - ENTRADA PRINCIPAL--NOMBRE DE PERSONA
Nombre de persona Lagrange, Eugène.
9 (RLIN) 128593
245 10 - MENCIÓN DEL TÍTULO
Título Manuel pour les aspirants au grade de candidat en droit /
Mención de responsabilidad, etc. par E. Lagrange.
250 ## - MENCION DE EDICION
Mención de edición 3e éd.
260 ## - PUBLICACIÓN, DISTRIBUCIÓN, ETC.
Lugar de publicación, distribución, etc. Bruxelles :
Nombre del editor, distribuidor, etc. Librairie de Jurisprudence de H. Tarlier,
Fecha de publicación, distribución, etc. 1835 (
Fabricante Imprimerie de Weisssenbrugh Père)
300 ## - DESCRIPCIÓN FÍSICA
Extensión 489 p. ;
Dimensiones 17 cm.
852 ## - LOCALIZACIÓN
Ubicación ES-MaACL
Número de control de estantería D-1640
Nota libre -- Rúst., deteriorada
-- -- Legado de Modesto de la Fuente
Holdings
Estatus retirado Estado de pérdida Estado de daño No para préstamo Colección Biblioteca de origen Biblioteca actual Ubicación en estantería Fecha de adquisición Fuente de adquisición Total de préstamos Signatura topográfica completa Código de barras Visto por última vez Precio de reemplazo Tipo de ítem Koha
        Libros del s. XIX Biblioteca del Ateneo de Madrid Biblioteca del Ateneo de Madrid Sala Valle Inclán 17/01/2008     D-1640 901164148 23/02/2023 23/02/2023 Libro impreso antiguo